Income Inequalities in Sector of Households in EA Countries and Their Impact on the Distribution of Financial Wealth

Negatívny dopad finančnej krízy pre krajiny Eurozóny v podobe príjmovej nerovnosti. Vytýčenie hlavných príjmových nerovností medzi domácnosťami v Eurozóne počas rokov 1999-2018 a ich vplyv na distribúciu finančného bohatstva. Vzájomný vzťah medzi príjmami a rôznymi finančnými aktívami. Úspory domácn...

Ausführliche Beschreibung

Gespeichert in:
Bibliographische Detailangaben
1. Verfasser: Kotlebová, Jana, 1969-
Format: Buchkapitel
Sprache:Englisch
Schlagworte:
Tags: Tag hinzufügen
Keine Tags, Fügen Sie das erste Tag hinzu!

MARC

LEADER 00000naa$a2200000$$$4500
001 0256021
005 20240502074055.3
041 0 |a eng 
044 |a SK 
245 1 0 |a Income Inequalities in Sector of Households in EA Countries and Their Impact on the Distribution of Financial Wealth  |c Jana Kotlebová 
520 |a Negatívny dopad finančnej krízy pre krajiny Eurozóny v podobe príjmovej nerovnosti. Vytýčenie hlavných príjmových nerovností medzi domácnosťami v Eurozóne počas rokov 1999-2018 a ich vplyv na distribúciu finančného bohatstva. Vzájomný vzťah medzi príjmami a rôznymi finančnými aktívami. Úspory domácností verzus zadlženosť. Politické dôsledky. 
610 2 0 |a kríza finančná 
610 2 0 |a nerovnosť príjmová 
610 2 0 |a domácnosti 
610 2 0 |a eurozóna 
610 2 0 |a úspory finančné 
100 1 |a Kotlebová, Jana, 1969-